Normal view MARC view
  • John D Wood and Co.

Entry Corporate Name

Number of records used in: 2

001 - CONTROL NUMBER

  • control field: 5398

003 - CONTROL NUMBER IDENTIFIER

  • control field: OSt

005 - DATE AND TIME OF LATEST TRANSACTION

  • control field: 20190806150242.0

008 - FIXED-LENGTH DATA ELEMENTS

  • fixed length control field: 071016n| acannaabn |n ana d

040 ## - CATALOGING SOURCE

  • Original cataloging agency: OSt
  • Transcribing agency: OSt

110 2# - HEADING--CORPORATE NAME

  • Corporate name or jurisdiction name as entry element: John D Wood and Co.

670 ## - SOURCE DATA FOUND

  • Source citation: Outlying portions of the Maresfield Park Estate in the county of Sussex consisting of 1 138 acres, [1924]